Central Library OPAC University of Rajshahi

Tales of the Norse gods and heroes / (Record no. 20232)

MARC details
000 -LEADER
fixed length control field 00723nam a22002292a 4500
001 - CONTROL NUMBER
control field 20232
003 - CONTROL NUMBER IDENTIFIER
rucl marc code BD-RjUL
005 - DATE AND TIME OF LATEST TRANSACTION
control field 20211209000534.0
008 - FIXED-LENGTH DATA ELEMENTS--GENERAL INFORMATION
fixed length control field 140227s1953 enka j 000 1 eng d
035 ## - SYSTEM CONTROL NUMBER
System control number OCLC ocm07095430 from D960724M
-- (BD-RjUL)20294
040 ## - CATALOGING SOURCE
Original cataloging agency Rutgers Univ. Library
Transcribing agency CLE
Modifying agency UKM
-- EQO
Language of cataloging eng
041 ## - LANGUAGE CODE
Language code of text/sound track or separate title eng
082 ## - DEWEY DECIMAL CLASSIFICATION NUMBER
Classification number 839.63
Author mark and year TAL 1953
245 10 - TITLE STATEMENT
Title Tales of the Norse gods and heroes /
Statement of responsibility, etc. retold by Barbara Leonie Picard. Illustrated by Kiddell-Monroe
260 ## - PUBLICATION, DISTRIBUTION, ETC. (IMPRINT)
Place of publication, distribution, etc. Oxford :
Name of publisher, distributor, etc. Oxford University Press,
Date of publication, distribution, etc. 1953
300 ## - PHYSICAL DESCRIPTION
Pagination ix, 312 p. :
Illustrations illus. ;
Size 21 cm
650 #0 - SUBJECT ADDED ENTRY--TOPICAL TERM
Topical term or geographic name as entry element Fairy tales
9 (RLIN) 62365
942 ## - ADDED ENTRY ELEMENTS (KOHA)
Source of classification or shelving scheme Dewey Decimal Classification
Koha item type Books
Holdings
Lost status Source of classification or shelving scheme Damaged status Not for loan Collection code Permanent Location Current Location Shelving location Date acquired Source of acquisition Cost, normal purchase price Total Checkouts Full call number Date last seen Copy number Koha item type
  Dewey Decimal Classification   Not For Loan Fiction Central Library, University of Rajshahi Central Library, University of Rajshahi Reading Room 20/01/1955 M.b.p, bacca, 7.13   839.63 TAL 1953 27/02/2014 C-1 Books